Οι γονείς μπροστά στα εφηβικά προβλήματα

Αποθηκεύτηκε σε:
Λεπτομέρειες βιβλιογραφικής εγγραφής
Κύριος συγγραφέας: Κωνσταντινίδης, Αδωνις Κ.
Μορφή: Βιβλίο
Γλώσσα:Greek
Δημοσίευση: [Κύπρος] : Παιδαγωγικό Ινστιτούτο Κύπρου , 1982
Θέματα:
Ετικέτες: Προσθήκη ετικέτας
Δεν υπάρχουν, Καταχωρήστε ετικέτα πρώτοι!

MARC

LEADER 00000nam a2200000 i 4500
001 1/85378
008 960701s1982 gre d
035 |a 1986  |c Αγορά  |l 10034684 
035 |a 1987  |c Αγορά 
040 |a GR-MY-UA  |b gre  |e aacr 
041 0 |a gre 
082 0 |a 155.5 
100 1 |a Κωνσταντινίδης, Αδωνις Κ. 
245 1 3 |a Οι γονείς μπροστά στα εφηβικά προβλήματα /  |c Αδωνις Κ.Κωνσταντινίδης 
260 |a [Κύπρος] :   |b Παιδαγωγικό Ινστιτούτο Κύπρου ,   |c 1982 
300 |a 220 σ. 
650 0 0 |a Adolescent psychology. 
650 0 0 |a Parenting. 
852 |a INST  |b RHODES  |e 19960701  |h 155.5 ΚΩΝ  |p 005400004702  |q 005400004702  |t BK  |y 0 
852 |a INST  |b RHODES  |e 19960701  |h 155.5 ΚΩΝ  |p 005400004721  |q 005400004721  |t BK  |y 0 
909 |a Ρ  |b 003597  |c 1986 
909 |a Ρ  |b 006488  |c 1987